LEADER 01334nam0 22003011i 450 001 VAN0020978 005 20111125100254.439 010 $a01-992653-2-1 100 $a20040728d2004 |0itac50 ba 101 $aeng 102 $aUS 105 $a|||| ||||| 200 1 $aˆThe ‰law of state aid in the European Union$fedited by Andrea Biondi, Piet Eeckhout and James Flynn 210 $aNew York$cOxford university press$d2004 215 $aXLIX, 389 p.$d24 cm. 606 $aUnione Europea$xPolitica sociale$3VANC012623$2FI 620 $aUS$dNew York$3VANL000011 702 1$aBiondi$bAndrea$3VANV017218 702 1$aEeckhout$bPiet$3VANV017219 702 1$aFlynn$bJames$3VANV017220 712 $aOxford university $3VANV107944$4650 801 $aIT$bSOL$c20230616$gRICA 856 4 $uhttp://books.google.it/books?id=Y-bMTOnXaWoC&printsec=frontcover&hl=it#v=onepage&q&f=false$zhttp://books.google.it/books?id=Y-bMTOnXaWoC&printsec=frontcover&hl=it#v=onepage&q&f=false 899 $aBIBLIOTECA DEL DIPARTIMENTO DI GIURISPRUDENZA$1IT-CE0105$2VAN00 912 $aVAN0020978 950 $aBIBLIOTECA DEL DIPARTIMENTO DI GIURISPRUDENZA$d00CONS X.Ed.125 $e00 26179 20040728 996 $aLaw of state aid in the European Union$91428370 997 $aUNICAMPANIA LEADER 04167nam 22005655 450 001 9910337705503321 005 20251116211934.0 010 $a3-030-04981-7 024 7 $a10.1007/978-3-030-04981-2 035 $a(CKB)4100000007656548 035 $a(DE-He213)978-3-030-04981-2 035 $a(MiAaPQ)EBC5716630 035 $a(EXLCZ)994100000007656548 100 $a20190218d2019 u| 0 101 0 $aeng 135 $aurnn|008mamaa 181 $ctxt$2rdacontent 182 $cc$2rdamedia 183 $acr$2rdacarrier 200 10$aContacts and Contrasts in Cultures and Languages /$fedited by Barbara Lewandowska-Tomaszczyk 205 $a1st ed. 2019. 210 1$aCham :$cSpringer International Publishing :$cImprint: Springer,$d2019. 215 $a1 online resource (XII, 232 p.) 225 1 $aIssues in Literature and Culture,$x2365-967X 311 08$a3-030-04980-9 327 $aI am Not a Gobi Girl! Observations on Cultural Similarities and Differences Based on Four Years of Fulbright Fellowships in Poland, Latvia, and Outer Mongolia -- Meaning, Perception, and Culture in International Business Discourse: A Theoretical Analysis of Potential Conflicts -- Expressing Modality in Commercial Agreements and Contracts ? The Analysis of Polish-English Parallel Texts -- Culture Diversity in English ? Arabic Proverbs -- Ernest Hemingway?s ?Mr. and Mrs. Elliot?: A Narrative of a Failed Romance -- (Un)successful Communication: Sex-based Differences and Contrasts -- Similarities and Contrasts in Multisensory Metaphorical Conceptualisations of Memories in Polish and English -- Metaphors of Pride in Polish and English ? A Corpus-based Study -- Blending In: Hybridity, Identity and Creolization -- The Presence of Loanwords of Nahuatl Origin in the Press of Veracruz, Mexico -- Contrasting News Values in Newspaper Articles and Social Media: A Discursive Approach to the US Ruling on Same-Sex Marriage -- A Corpus-assisted Critical Discourse Analysis of ?migrants? and ?migration? in the British Tabloids and Quality Press -- Linguistic Differences in Headlines: Comparison between Korean and American Newspapers -- Well-being and Collective Identity in Cross-cultural Contexts -- The Phenomenon of Global English in the World of Interactive Online Entertainment. 330 $aThis volume provides descriptions and interpretations of social and cognitive phenomena as well as processes that emerge at the interface of languages and cultures in the context of contrastive and contact linguistics and media discourse. Different contexts are explored with rich empirical findings and authentic exemplifying materials. The book includes fifteen papers, divided into three parts. Part 1 addresses conceptual reflection on languages and cultures in contact and contrast, while Part 2 focuses on contact linguistics and borrowing. Part 3 discusses cultural and linguistic aspects of media discourses. 410 0$aIssues in Literature and Culture,$x2365-967X 606 $aIntercultural communication 606 $aCognitive grammar 606 $aCommunication 606 $aDiscourse analysis 606 $aIntercultural Communication$3https://scigraph.springernature.com/ontologies/product-market-codes/N68000 606 $aCognitive Linguistics$3https://scigraph.springernature.com/ontologies/product-market-codes/N58000 606 $aMedia and Communication$3https://scigraph.springernature.com/ontologies/product-market-codes/412010 606 $aDiscourse Analysis$3https://scigraph.springernature.com/ontologies/product-market-codes/N51000 615 0$aIntercultural communication. 615 0$aCognitive grammar. 615 0$aCommunication. 615 0$aDiscourse analysis. 615 14$aIntercultural Communication. 615 24$aCognitive Linguistics. 615 24$aMedia and Communication. 615 24$aDiscourse Analysis. 676 $a401.4 702 $aLewandowska-Tomaszczyk$b Barbara$4edt$4http://id.loc.gov/vocabulary/relators/edt 906 $aBOOK 912 $a9910337705503321 996 $aContacts and Contrasts in Cultures and Languages$92534098 997 $aUNINA